• 首页
  • 本馆介绍
  • 公告通知
  • 最新文献
  • 馆藏检索
  • 电子资源
  • 读者导购
  • 参考咨询
  • 我的图书馆
  • 登录
  • 详细信息显示
  • 放入我的书架
  • 预约/预借图书
  • 作者相关作品
  • 分类相关作品
  • 丛书相关作品
  • 出版社相关作品

书目信息

  • 表格格式
  • 工作单格式
  • 卡片格式
题名:
北方草原区气候变化影响与适应
    
 
作者: 侯向阳 , 丁勇 , 吴新宏 著
分册:  
出版信息: 北京   科学出版社  2015
页数: 244页
开本: 26cm
丛书名:
单 册:
中图分类: P468.2
科图分类:
主题词: 草原--Cao Yuan--气候变化--研究--中国 , 气候变化--Qi Hou Bian Hua , 研究--Yan Jiu , 中国--Zhong Guo
电子资源:
ISBN: 978-7-03-042714-4
000 01367nam0 22003011 450
001 0101082552
005 20161201144547.65
010    @a978-7-03-042714-4@dCNY98.00
100    @a20150712d2015 em y0chiy50 ea
101 0  @achi
102    @aCN@b110000
105    @ay z 000yy
106    @ar
200 1  @a北方草原区气候变化影响与适应@ABei Fang Cao Yuan Qu Qi Hou Bian Hua Ying Xiang Yu Shi Ying@dImpact of climate change and adaptation in northern grassland of China@f侯向阳,丁勇,吴新宏等著@zeng
210    @a北京@c科学出版社@d2015
215    @a244页@d26cm
330    @a本书系统总结了研究组近年来对中国北方草原区气候变化影响与适应研究方面取得的创新性理论成果。内容包括:气候变化对中国北方草原自然生态系统的影响,区域、县域、牧户3个尺度对气候变化的感知与适应,牧户草畜平衡决策工程与草畜平衡模式转移的模式,以及牧区适应气候变化的政策研究,对近年来草原气候变化适应研究进行了理论集成。
510 1  @aImpact of climate change and adaptation in northern grassland of China@zeng
606 0  @a草原@ACao Yuan@x气候变化@x研究@y中国
606 0  @a气候变化@AQi Hou Bian Hua
606 0  @a研究@AYan Jiu
606 0  @a中国@AZhong Guo
690    @aP468.2@v5
701  0 @a侯向阳@AHou Xiang Yang@f(1963-)@4著
701  0 @a丁勇@ADing Yong@f(1975-)@4著
701  0 @a吴新宏@AWu Xin Hong@4著
801  0 @aCN@bTANGWEI@c20161128
905    @b0952557-60@dP468.2@e94@f4
    
    北方草原区气候变化影响与适应=Impact of climate change and adaptation in northern grassland of China/侯向阳,丁勇,吴新宏等著.-北京:科学出版社,2015
    244页;26cm
    
    
    ISBN 978-7-03-042714-4:CNY98.00
    本书系统总结了研究组近年来对中国北方草原区气候变化影响与适应研究方面取得的创新性理论成果。内容包括:气候变化对中国北方草原自然生态系统的影响,区域、县域、牧户3个尺度对气候变化的感知与适应,牧户草畜平衡决策工程与草畜平衡模式转移的模式,以及牧区适应气候变化的政策研究,对近年来草原气候变化适应研究进行了理论集成。
●
相关链接 在E读中查询图书 在五车中查询图书 在当当中查询图书 在豆瓣中查询图书


正题名:北方草原区气候变化影响与适应     索取号:P468.2/94         预约/预借

序号 登录号 条形码 馆藏地/架位号 状态 备注
1 0952557   209525575   第二样本阅览室/ [索取号:P468.2/94] 在馆    
2 0952558   209525584   第三借阅区/ [索取号:P468.2/94] 在馆    
3 0952559   209525593   第三借阅区/ [索取号:P468.2/94] 在馆    
4 0952560   209525600   第三借阅区/ [索取号:P468.2/94] 在馆    
唐山师范学院图书馆 欢迎您!
大连网信软件有限公司© 版权所有